00357nam a22001217a 4500040000900000082002000009100002800029245003500057300001000092942001200102999001900114952010200133 a0c0 a297.122bH968.2 aAila F. Hussain9130454 a2000 Names for Muslim Children a124p. 2ddccBK c614636d614636 00102ddc4070aSCMEbSCMEd2025-09-08l0o297.122 H968.2pSCME-D290r2025-09-08w2025-09-08yBK